000 00446nam a2200181Ia 4500
005 20240823060511.0
008 240823s9999||||xx |||||||||||||| ||und||
041 _aENGLISH
082 _A005.133 Q5
100 _a"Schildt, Herbert"
245 4 _aThe Complete Reference C++
250 _a4th
260 _c2015
_bMcGraw Hill Education Private Li
500 _aYES
650 _aC++
_bComputer Applications
942 _cBK
999 _c231279
_d231279